<?xml version="1.0" encoding="UTF-8"?><marc:collection xmlns:marc="http://www.loc.gov/MARC21/slim">
  <marc:record>
    <marc:leader>00000nam##2200000za#4500</marc:leader>
    <marc:controlfield tag="001">9.640206</marc:controlfield>
    <marc:controlfield tag="003">CaOODSP</marc:controlfield>
    <marc:controlfield tag="005">20210624222546</marc:controlfield>
    <marc:controlfield tag="007">cr |||||||||||</marc:controlfield>
    <marc:controlfield tag="008">150407|1998||||xxc|||||o    f|0| 0 fre|d</marc:controlfield>
    <marc:datafield tag="020" ind1=" " ind2=" ">
      <marc:subfield code="a">0-662-82497-0</marc:subfield>
    </marc:datafield>
    <marc:datafield tag="040" ind1=" " ind2=" ">
      <marc:subfield code="a">CaOODSP</marc:subfield>
      <marc:subfield code="b">fre</marc:subfield>
    </marc:datafield>
    <marc:datafield tag="043" ind1=" " ind2=" ">
      <marc:subfield code="a">n-cn---</marc:subfield>
    </marc:datafield>
    <marc:datafield tag="086" ind1="1" ind2=" ">
      <marc:subfield code="a">SN3-318/1998F-IN</marc:subfield>
    </marc:datafield>
    <marc:datafield tag="110" ind1="1" ind2=" ">
      <marc:subfield code="a">Canada.</marc:subfield>
      <marc:subfield code="b">Bibliothèque nationale du Canada.</marc:subfield>
    </marc:datafield>
    <marc:datafield tag="245" ind1="1" ind2="3">
      <marc:subfield code="a">Le fonds Robert Fleming : </marc:subfield>
      <marc:subfield code="h">[ressource électronique]</marc:subfield>
      <marc:subfield code="b">répertoire numérique / </marc:subfield>
      <marc:subfield code="c">par Stéphane Jean. </marc:subfield>
    </marc:datafield>
    <marc:datafield tag="260" ind1=" " ind2=" ">
      <marc:subfield code="a">Ottawa - Ontario : </marc:subfield>
      <marc:subfield code="b">Bibliothèque nationale du Canada </marc:subfield>
      <marc:subfield code="c">1998.</marc:subfield>
    </marc:datafield>
    <marc:datafield tag="300" ind1=" " ind2=" ">
      <marc:subfield code="a">155p.</marc:subfield>
      <marc:subfield code="b">ill.</marc:subfield>
    </marc:datafield>
    <marc:datafield tag="500" ind1=" " ind2=" ">
      <marc:subfield code="a">«Le présent instrument de recherche fait partie de la catégorie des répertoires numériques puisqu'il décrit le fonds au niveau des dossiers. De plus, des notices descriptives ont été rédigée pour la présentation globale du fonds ainsi que pour chaque série. Les différents niveaux de descriptions permettent ainsi aux chercheurs d'accéder à l'information en procédant du général au particulier. [...] Le répertoire numérique est aussi complété par un index des noms propres et des titres ainsi que par un index des dossiers. [...] Nous avons, de plus, réalisé un index des dossiers pour faire correspondre une cote à un numéro de boîte.»--Page 5. N.B.: Le numéro de catalogue (SN3-318/1998-F-IN) imprimé dans cette publication est incorrect. Données de catalogage avant publication pour la version électronique est imprimées dans cette publication.</marc:subfield>
    </marc:datafield>
    <marc:datafield tag="520" ind1="3" ind2=" ">
      <marc:subfield code="a">Le présent instrument de recherche fait partie de la catégorie des répertoires numériques puisqu'il décrit le fonds au niveau des dossiers. De plus, des notices descriptives ont été rédigée pour la présentation globale du fonds ainsi que pour chaque série. Les différents niveaux de descriptions permettent ainsi aux chercheurs d'accéder à l'information en procédant du général au particulier. [...] Le répertoire numérique est aussi complété par un index des noms propres et des titres ainsi que par un index des dossiers. [...] Nous avons, de plus, réalisé un index des dossiers pour faire correspondre une cote à un numéro de boîte.--Page 5</marc:subfield>
    </marc:datafield>
    <marc:datafield tag="590" ind1=" " ind2=" ">
      <marc:subfield code="a">12-16-Supp</marc:subfield>
      <marc:subfield code="b">2012-04-17</marc:subfield>
    </marc:datafield>
    <marc:datafield tag="691" ind1="0" ind2="7">
      <marc:subfield code="a">Archives</marc:subfield>
      <marc:subfield code="2">gcpds</marc:subfield>
    </marc:datafield>
    <marc:datafield tag="691" ind1="0" ind2="7">
      <marc:subfield code="a">Musique</marc:subfield>
      <marc:subfield code="2">gcpds</marc:subfield>
    </marc:datafield>
    <marc:datafield tag="720" ind1="1" ind2=" ">
      <marc:subfield code="a">Jean, Stéphane</marc:subfield>
    </marc:datafield>
    <marc:datafield tag="775" ind1="0" ind2="8">
      <marc:subfield code="t">Robert Fleming fonds : </marc:subfield>
      <marc:subfield code="w">(CaOODSP)9.696087</marc:subfield>
    </marc:datafield>
    <marc:datafield tag="776" ind1="0" ind2="#">
      <marc:subfield code="t">Le fonds Robert Fleming : </marc:subfield>
      <marc:subfield code="w">(CaOODSP)9.680293</marc:subfield>
    </marc:datafield>
    <marc:datafield tag="856" ind1="4" ind2="0">
      <marc:subfield code="a">http://publications.gc.ca</marc:subfield>
      <marc:subfield code="q">PDF</marc:subfield>
      <marc:subfield code="s">3927 Ko</marc:subfield>
      <marc:subfield code="u">https://publications.gc.ca/collections/Collection/SN3-318-1998F.pdf</marc:subfield>
    </marc:datafield>
  </marc:record>
</marc:collection>
